Laude di Santa Maria (Record n. 100644)

Dettagli MARC
000 -LEADER
fixed length control field 01196njm a2200289Ia 4500
001 - CONTROL NUMBER
control field C8662
003 - CONTROL NUMBER IDENTIFIER
control field IT-RoPAU
005 - DATE AND TIME OF LATEST TRANSACTION
control field 20220918181131.0
008 - FIXED-LENGTH DATA ELEMENTS--GENERAL INFORMATION
fixed length control field 131025s9999 xx 000 0 und d
040 ## - CATALOGING SOURCE
Original cataloging agency IT-RoPAU
040 ## - CATALOGING SOURCE
Transcribing agency IT-RoPAU
999 ## - SYSTEM CONTROL NUMBERS (KOHA)
Koha Dewey Subclass [OBSOLETE] n.d.
100 ## - MAIN ENTRY--PERSONAL NAME
Personal name La Reverdie
9 (RLIN) 30410
100 ## - MAIN ENTRY--PERSONAL NAME
Relator term Autore musica
9 (RLIN) 30411
100 ## - MAIN ENTRY--PERSONAL NAME
Miscellaneous information Codice autore musica SPICS: 43104
9 (RLIN) 30412
245 ## - TITLE STATEMENT
Title Laude di Santa Maria
250 ## - EDITION STATEMENT
Edition statement 1a ed.
260 ## - PUBLICATION, DISTRIBUTION, ETC. (IMPRINT)
Place of publication, distribution, etc. GERMANIA
260 ## - PUBLICATION, DISTRIBUTION, ETC. (IMPRINT)
Name of publisher, distributor, etc. ARCANA
Date of publication, distribution, etc. 1994 [1a Ed.:1994 - Ed. Lingua Orig.: 1994]
300 ## - PHYSICAL DESCRIPTION
Extent COMPACT DISC
300 ## - PHYSICAL DESCRIPTION
Dimensions 73 minuti (Testo: 0 pag.)
500 ## - GENERAL NOTE
General note Musica religiosa.
505 ## - FORMATTED CONTENTS NOTE
Formatted contents note Venite a laudare - Ave Maria (antifona) - Verbum Patris hodie - Dio ti salvi regina - Voi ch'amate - Or piangiamo - Dulcis Jesu memoria Jesu nostra redemptio - Onne homo - Diana stella - Chi vuol lo mondo - Troppo perde 'l tempo - Ortorum virentium virga Yesse - Con la madre - Ave Maris stella - Ave donna sanctissima - Assumpta est Maria - Ave regina gloriosa
650 ## - SUBJECT ADDED ENTRY--TOPICAL TERM
Topical term or geographic name as entry element RELIGIOSO [COMPACT DISC]
Relator term Codice MATERIA SPICS: 9949
9 (RLIN) 14031
700 ## - ADDED ENTRY--PERSONAL NAME
Personal name La Reverdie
Miscellaneous information Codice interprete SPICS: 43104
Relator term Interprete
9 (RLIN) 30413
942 ## - ADDED ENTRY ELEMENTS (KOHA)
Koha item type CD AUDIO
Source of classification or shelving scheme Dewey Decimal Classification
Dati di copia
Withdrawn status Lost status Damaged status Not for loan Home library Current library Date acquired Total Checkouts Full call number Date last seen Price effective from Koha item type Public note
    Buone Condizioni Not For Loan SPICS-MEDIATECA SPICS-MEDIATECA 25/10/2013   C8662 25/10/2013 25/10/2013 CD AUDIO Progr. Ins.: 1559 / N.Vol.: 1 / Copie: 1 - Copia rara: n.d. / date import: 01.01.2014 - By Epidotti, Trombetti, Vaglietti
CREDITS: SOCIETA' SAN PAOLO Via A.Severo, 58 - ROMA (RM) & PERIODICI SAN PAOLO SRL Via Giotto, 36 MILANO & CISF Via Giotto, 36 MILANO & EDIZIONI SAN PAOLO SRL,  Piazza Soncino, 5 CINISELLO BALSAMO (MI) -- ITALY